<?xml version="1.0" encoding="UTF-8"?>
<record
    xmlns:xsi="http://www.w3.org/2001/XMLSchema-instance"
    xsi:schemaLocation="http://www.loc.gov/MARC21/slim http://www.loc.gov/standards/marcxml/schema/MARC21slim.xsd"
    xmlns="http://www.loc.gov/MARC21/slim">

  <leader>00680nam a22001937a 4500</leader>
  <datafield tag="999" ind1=" " ind2=" ">
    <subfield code="c">190943</subfield>
    <subfield code="d">190943</subfield>
  </datafield>
  <controlfield tag="005">20220816110153.0</controlfield>
  <datafield tag="010" ind1=" " ind2=" ">
    <subfield code="a">UR-11670</subfield>
  </datafield>
  <datafield tag="020" ind1=" " ind2=" ">
    <subfield code="a">9789393785190</subfield>
    <subfield code="c">117.00</subfield>
  </datafield>
  <datafield tag="035" ind1=" " ind2=" ">
    <subfield code="a">U-10225</subfield>
  </datafield>
  <datafield tag="037" ind1=" " ind2=" ">
    <subfield code="b">DBAD/PUB</subfield>
    <subfield code="a">-</subfield>
  </datafield>
  <datafield tag="082" ind1=" " ind2=" ">
    <subfield code="a">328</subfield>
  </datafield>
  <datafield tag="100" ind1=" " ind2=" ">
    <subfield code="a">&#x635;&#x6CC;&#x62F; &#x6CC;&#x642;&#x6CC; &#x635;&#x627; &#x6CC;&#x645; &#x627;&#x644;&#x62F; &#x6CC;&#x646;</subfield>
  </datafield>
  <datafield tag="245" ind1=" " ind2=" ">
    <subfield code="a">&#x628;&#x627; &#x62A; &#x633;&#x6D2; &#x628;&#x627; &#x62A; &#x686;&#x644;&#x6D2; :</subfield>
    <subfield code="b">&#x645;&#x62C;&#x645;&#x648; &#x639;&#x6C1; &#x631;&#x67E;&#x648;&#x631; &#x62A;&#x627;&#x698; /</subfield>
    <subfield code="c">&#x635;&#x6CC;&#x62F; &#x6CC;&#x642;&#x6CC; &#x635;&#x627; &#x6CC;&#x645; &#x627;&#x644;&#x62F; &#x6CC;&#x646;</subfield>
  </datafield>
  <datafield tag="246" ind1=" " ind2=" ">
    <subfield code="a">Baat Sey Baat Chaley /</subfield>
    <subfield code="b">by Siddiqui Saimuddin</subfield>
  </datafield>
  <datafield tag="260" ind1=" " ind2=" ">
    <subfield code="a">New Delhi</subfield>
    <subfield code="b">Educational Publishing House</subfield>
    <subfield code="c">2021 &#x621;</subfield>
  </datafield>
  <datafield tag="270" ind1=" " ind2=" ">
    <subfield code="a">H.O. D1/16, Ansari Road, Darya Ganj</subfield>
    <subfield code="b">New Delhi</subfield>
    <subfield code="e">110002</subfield>
  </datafield>
  <datafield tag="300" ind1=" " ind2=" ">
    <subfield code="a">176 &#x635;</subfield>
    <subfield code="c">23cm(Hb)</subfield>
  </datafield>
  <datafield tag="942" ind1=" " ind2=" ">
    <subfield code="2">ddc</subfield>
    <subfield code="c">UR</subfield>
    <subfield code="h">328</subfield>
    <subfield code="m">&#x635; &#x6CC; &#x62F;</subfield>
  </datafield>
  <datafield tag="952" ind1=" " ind2=" ">
    <subfield code="0">0</subfield>
    <subfield code="1">0</subfield>
    <subfield code="4">0</subfield>
    <subfield code="7">0</subfield>
    <subfield code="8">NFIC</subfield>
    <subfield code="a">L</subfield>
    <subfield code="b">L</subfield>
    <subfield code="d">2022-08-16</subfield>
    <subfield code="e">DBAD/PUB</subfield>
    <subfield code="g">117.00</subfield>
    <subfield code="l">0</subfield>
    <subfield code="o">328 &#x635; &#x6CC; &#x62F;</subfield>
    <subfield code="p">U-10225</subfield>
    <subfield code="r">2022-08-16 00:00:00</subfield>
    <subfield code="t">1</subfield>
    <subfield code="v">117.00</subfield>
    <subfield code="w">2022-08-16</subfield>
    <subfield code="y">UR</subfield>
  </datafield>
</record>
